000 00230nam a2200109Ia 4500
008 190216s9999||||xx |||||||||||||| ||und||
100 _aKearsey
245 0 _aStandard Costing
260 _bNull
_c1947
300 _a177p
942 _cBK
999 _c4446
_d4446